The fighting Jew /

محفوظ في:

المؤلف الرئيسي: Nunberg, Ralph (مؤلف)

مؤلفون آخرون: Riess, Curt, 1902-1993.

التنسيق: كتاب

اللغة: English

منشور في: New York : Creative age press, inc., [1945].

الموضوعات:

الوسوم: إضافة وسم

لا توجد وسوم, كن أول من يضع وسما على هذه التسجيلة!

رقم الطلب: DS119 .N8 1945

LEADER 00862namaa2200241 4500
001 12888
003 OSt
005 20241027073227.0
008 130303s1945 nyu b 000 0 eng d
952 |0 0  |1 0  |2 lcc  |4 0  |6 DS0119 N8 01945  |7 1  |9 12240  |a ARCE  |b ARCE  |d 2021-05-10  |l 0  |o DS119 .N8 1945  |p 1022160  |r 2021-05-10 00:00:00  |w 2021-05-10  |y BK 
999 |c 11454  |d 11454 
010 |a 45006579 
040 |c ARCE Library 
050 4 |a DS119 .N8 1945 
100 1 |a Nunberg, Ralph,  |e author  |9 36996 
245 1 4 |a The fighting Jew /  |c [by] Ralph Nunberg, with introduction by Curt Riess. 
264 1 |a New York :  |b Creative age press, inc.,  |c [1945]. 
300 |a xvi, 295 pages ;   |c 21 cm. 
504 |a Bibliographical references included in appendix (pages 283-286) 
650 0 |a Jews  |x History, Military. 
700 1 |a Riess, Curt,  |d 1902-1993.   |9 38468 
901 |a reviewed 
942 |c BK  |2 lcc